| 000 | 00637nam a2200217Ia 4500 | ||
|---|---|---|---|
| 008 | 140110s9999 xx 000 0 und d | ||
| 020 |
_a9780140445008 _cRs.250.00 |
||
| 040 | _aLoreto College | ||
| 041 | _aEnglish | ||
| 082 |
_a870.4/VAS _bLCLIB/48001 |
||
| 100 | _aVasari, Giorgio | ||
| 245 |
_aLives of the artists, Vol.I _cGiorgio Vasari. A selection translated by George Bull |
||
| 260 |
_aLondon _bPenguin Books _c1965 |
||
| 300 | _aVol.I,479p. | ||
| 440 | _aPenguin Classics | ||
| 650 | _aLatin literature | ||
| 651 | _aArtists-Italy-Biography | ||
| 700 | _aBull, George, tr. | ||
| 850 | _aLCLIB/870.4/VAS | ||
| 942 | _cBK | ||
| 999 |
_c36581 _d87060 |
||